Liver Cancer
Uloženo v:
| Hlavní autor: | |
|---|---|
| Médium: | Kniha |
| Vydáno: |
Kathmandu :
Liver Foundation Nepal,
2000.
|
| Témata: | |
| Tagy: |
Přidat tag
Žádné tagy, Buďte první, kdo otaguje tento záznam!
|
| LEADER | 00666nam a22002057a 4500 | ||
|---|---|---|---|
| 060 | |a WI 735 | ||
| 100 | |a Shrestha, Santosh Man,Dr. |9 54 | ||
| 245 | 0 | 0 | |a Liver Cancer |c Santosh Man Shrestha |
| 260 | |a Kathmandu : |b Liver Foundation Nepal, |c 2000. | ||
| 300 | |a 70 p. ; |c 25 cm. | ||
| 500 | |a Hardcover. | ||
| 650 | 4 | |9 1211 | |
| 650 | 4 | |9 1212 | |
| 650 | 4 | |a Liver--Cancer. |9 1213 | |
| 650 | 4 | |9 1214 | |
| 650 | 4 | |a Medical |9 1219 |x Gastroenterology. | |
| 650 | 4 | |a Medical |9 1220 |x oncology. | |
| 942 | |c BK |2 NLM | ||
| 952 | |0 0 |1 0 |2 NLM |4 0 |6 WI_735_000000000000000_SHR_2000 |7 0 |9 1393 |a NHRC |b NHRC |c CART |d 2013-02-20 |l 0 |o WI 735/SHR/2000 |p 000844 |r 2013-02-20 |w 2013-02-20 |y BK | ||
| 999 | |c 1355 |d 1355 | ||